Disputed Memory (Record no. 92947)
[ view plain ]
| 000 -LEADER | |
|---|---|
| fixed length control field | 02051nam a2200253Ii 4500 |
| 008 - FIXED-LENGTH DATA ELEMENTS--GENERAL INFORMATION | |
| fixed length control field | 221202s xx 000 0 und d |
| 245 #0 - TITLE STATEMENT | |
| Title | Disputed Memory |
| 246 ## - VARYING FORM OF TITLE | |
| Title proper/short title | Emotions and Memory Politics in Central, Eastern and South-Eastern Europe (Volume 24) |
| 264 ## - PRODUCTION, PUBLICATION, DISTRIBUTION, MANUFACTURE, AND COPYRIGHT NOTICE | |
| Name of producer, publisher, distributor, manufacturer | De Gruyter |
| Date of production, publication, distribution, manufacture, or copyright notice | 2016 |
| 300 ## - PHYSICAL DESCRIPTION | |
| Extent | 1 online resource |
| 336 ## - CONTENT TYPE | |
| Content type term | text |
| Content type code | txt |
| Source | rdacontent |
| 337 ## - MEDIA TYPE | |
| Media type term | computer |
| Media type code | c |
| Source | rdamedia |
| 338 ## - CARRIER TYPE | |
| Carrier type term | online resource |
| Carrier type code | cr |
| Source | rdacarrier |
| 520 ## - SUMMARY, ETC. | |
| Summary, etc. | The world wars, genocides and extremist ideologies of the 20th century are remembered very differently across Central, Eastern and Southeastern Europe, resulting sometimes in fierce memory disputes. This book investigates the complexity and contention of the layers of memory of the troubled 20th century in the region. Written by an international group of scholars from a diversity of disciplines, the chapters approach memory disputes in methodologically innovative ways, studying representations and negotiations of disputed pasts in different media, including monuments, museum exhibitions, individual and political discourse and electronic social media. Analyzing memory disputes in various local, national and transnational contexts, the chapters demonstrate the political power and social impact of painful and disputed memories. The book brings new insights into current memory disputes in Central, Eastern and Southeastern Europe. It contributes to the understanding of processes of memory transmission and negotiation across borders and cultures in Europe, emphasizing the interconnectedness of memory with emotions, mediation and politics. |
| 653 ## - INDEX TERM--UNCONTROLLED | |
| Uncontrolled term | Anthropology |
| 653 ## - INDEX TERM--UNCONTROLLED | |
| Uncontrolled term | Historical & Comparative |
| 653 ## - INDEX TERM--UNCONTROLLED | |
| Uncontrolled term | Language Arts & Disciplines |
| 653 ## - INDEX TERM--UNCONTROLLED | |
| Uncontrolled term | Linguistics |
| 653 ## - INDEX TERM--UNCONTROLLED | |
| Uncontrolled term | Social Science |
| 700 1# - ADDED ENTRY--PERSONAL NAME | |
| Personal name | Sindbæk Andersen, Tea |
| 700 1# - ADDED ENTRY--PERSONAL NAME | |
| Personal name | Törnquist-Plewa, Barbara |
| 856 ## - ELECTRONIC LOCATION AND ACCESS | |
| Uniform Resource Identifier | <a href="https://docs.google.com/spreadsheets/d/1yKIrdCPDAG_9c22mwoOIO2DOhtj65Wqa/edit?usp=sharing&ouid=106555315294820607512&rtpof=true&sd=true ">https://docs.google.com/spreadsheets/d/1yKIrdCPDAG_9c22mwoOIO2DOhtj65Wqa/edit?usp=sharing&ouid=106555315294820607512&rtpof=true&sd=true </a> |
| Link text | List of Curated E-Books |
| 942 ## - ADDED ENTRY ELEMENTS (KOHA) | |
| Koha item type | E-Book |
No items available.